[Event "GBR-ch89"]
[Site "Torquay"]
[Date "2002.08.09"]
[Round "11"]
[White "Eames, Robert S"]
[Black "Simpson, James"]
[Result "1-0"]
[WhiteElo "2310"]
[BlackElo "2245"]
[PlyCount "85"]
[EventDate "2002.07.29"]
[EventType "swiss"]
[EventRounds "11"]
[EventCountry "GBR"]
[SourceTitle "BritBase"]
[Source "John Saunders"]
[SourceDate "2008.07.14"]
[SourceVersion "1"]
[SourceVersionDate "2008.07.14"]
[SourceQuality "2"]

1. e4 c5 2. Nf3 e6 3. d4 cxd4 4. Nxd4 Nf6 5. Nc3 d6 6. g4 Be7 7. g5 Nfd7 8. h4
Nc6 9. Be3 O-O 10. Qh5 Nxd4 11. Bxd4 a6 12. O-O-O Qa5 13. f4 e5 14. Nd5 Re8 15.
Bc3 Qxa2 16. Nb4 Qa1+ 17. Kd2 Qa5 18. Bc4 Rf8 19. Nc6 Qxc3+ 20. Kxc3 bxc6 21.
f5 d5 22. exd5 Nc5 23. d6 Ne4+ 24. Kb3 Rb8+ 25. Ka2 Nxd6 26. f6 Nxc4 27. fxe7
Re8 28. b3 Ne3 29. g6 fxg6 30. Qxe5 Nxd1 31. Qxb8 Nc3+ 32. Kb2 Nd5 33. c4 Nf6
34. Re1 Kf7 35. Qb6 Bd7 36. Qxa6 h6 37. Qa3 g5 38. hxg5 hxg5 39. Qd6 g4 40. b4
Ra8 41. Rf1 Be8 42. b5 cxb5 43. Qd5+ 1-0

[Event "GBR-ch89"]
[Site "Torquay"]
[Date "2002.08.09"]
[Round "11"]
[White "Evans-Quek, Suan"]
[Black "Koneru, Humpy"]
[Result "0-1"]
[WhiteElo "2268"]
[BlackElo "2473"]
[PlyCount "108"]
[EventDate "2002.07.29"]
[EventType "swiss"]
[EventRounds "11"]
[EventCountry "GBR"]
[SourceTitle "BritBase"]
[Source "John Saunders"]
[SourceDate "2008.07.14"]
[SourceVersion "1"]
[SourceVersionDate "2008.07.14"]
[SourceQuality "2"]

1. g3 Nf6 2. Bg2 d5 3. d3 c6 4. Nf3 Bg4 5. Nbd2 Nbd7 6. O-O e5 7. e4 Bd6 8. Qe1
O-O 9. h3 Bh5 10. Nh4 Re8 11. Nf5 Bf8 12. Nf3 Nc5 13. N3h4 dxe4 14. dxe4 Ne6
15. Kh2 Bg6 16. Rg1 Qc7 17. Bf1 Rad8 18. Rg2 Bh5 19. g4 Bg6 20. c3 Rd7 21. Bc4
Nc5 22. f3 b5 23. Bb3 Nd3 24. Qg3 Nxc1 25. Rxc1 Red8 26. c4 Bb4 27. Ne3 Bd2 28.
Rxd2 Rxd2+ 29. Nhg2 b4 30. Bc2 Nd7 31. Qe1 Qd6 32. c5 Qd4 33. Nf1 Rf2 34. Kg3
Rxg2+ 35. Kxg2 Qxb2 36. Qd1 Rb8 37. Ne3 Nxc5 38. Qd6 Rf8 39. Rd1 Ne6 40. h4 h5
41. gxh5 Bxh5 42. Rb1 Qc3 43. Rb3 Qe1 44. Qxe5 Qxh4 45. Qg3 Qd8 46. Rd3 Qf6 47.
Nf5 g6 48. Rd7 Qb2 49. Ne7+ Kh7 50. Qf2 Qxa2 51. Rxa7 Qc4 52. Rd7 Nf4+ 53. Kh1
Qe6 54. Nxg6 Bxg6 0-1

[Event "GBR-ch89"]
[Site "Torquay"]
[Date "2002.08.09"]
[Round "11"]
[White "Grant, Jonathan"]
[Black "Wall, Gavin"]
[Result "1-0"]
[WhiteElo "2201"]
[BlackElo "2367"]
[PlyCount "49"]
[EventDate "2002.07.29"]
[EventType "swiss"]
[EventRounds "11"]
[EventCountry "GBR"]
[SourceTitle "BritBase"]
[Source "John Saunders"]
[SourceDate "2008.07.14"]
[SourceVersion "1"]
[SourceVersionDate "2008.07.14"]
[SourceQuality "2"]

1. c4 g6 2. Nc3 Bg7 3. g3 f5 4. Bg2 Nf6 5. d3 d6 6. e4 e5 7. Nge2 O-O 8. O-O c6
9. exf5 gxf5 10. d4 Na6 11. b3 Qc7 12. Bg5 h6 13. Bh4 Nh7 14. f4 e4 15. g4 fxg4
16. Nxe4 Be6 17. N4g3 Qd7 18. d5 cxd5 19. cxd5 Bf7 20. Rc1 Kh8 21. Nd4 Rac8 22.
Rxc8 Qxc8 23. Ndf5 Qc5+ 24. Kh1 Rg8 25. Be7 1-0

[Event "GBR-ch89"]
[Site "Torquay"]
[Date "2002.08.09"]
[Round "11"]
[White "Gregory, Stephen J"]
[Black "Taylor, Robert M"]
[Result "1-0"]
[WhiteElo "2173"]
[BlackElo "2195"]
[PlyCount "105"]
[EventDate "2002.07.29"]
[EventType "swiss"]
[EventRounds "11"]
[EventCountry "GBR"]
[SourceTitle "BritBase"]
[Source "John Saunders"]
[SourceDate "2008.07.14"]
[SourceVersion "1"]
[SourceVersionDate "2008.07.14"]
[SourceQuality "2"]

1. e4 c5 2. Nf3 e6 3. d3 Nc6 4. g3 b6 5. Bg2 Bb7 6. O-O d6 7. Nbd2 Nf6 8. Re1
Be7 9. h4 Qc7 10. Nf1 Ne5 11. N3h2 h5 12. Bg5 Nfg4 13. Bxe7 Qxe7 14. f4 Nxh2
15. Nxh2 Nc6 16. c3 O-O-O 17. Nf3 e5 18. f5 Kb8 19. Qe2 f6 20. Rab1 g6 21. b4
Rdg8 22. Kh2 Qg7 23. Qf2 gxf5 24. exf5 Ne7 25. Bh3 cxb4 26. Rxb4 Nc6 27. Rb2
Qd7 28. d4 Rg7 29. dxe5 dxe5 30. Nd2 Ne7 31. Ne4 Bxe4 32. Rxe4 Rhg8 33. Rd2 Qc6
34. Re3 Qc5 35. Bg2 Nxf5 36. Qf3 Nd6 37. Qa8+ Kc7 38. Qxa7+ Kd8 39. Qa4 Ke7 40.
Red3 b5 41. Qd1 Nc4 42. Rd7+ Ke6 43. Rxg7 Rxg7 44. Bd5+ Ke7 45. Bxc4 bxc4 46.
Rd7+ Kf8 47. Rd8+ Kf7 48. Qxh5+ Ke6 49. Qf3 Ra7 50. Rd2 f5 51. g4 e4 52. gxf5+
Qxf5 53. Rd6+ 1-0

[Event "GBR-ch89"]
[Site "Torquay"]
[Date "2002.08.09"]
[Round "11"]
[White "Harikrishna, Pentala"]
[Black "Ganguly, Surya Shekhar"]
[Result "1/2-1/2"]
[WhiteElo "2568"]
[BlackElo "2524"]
[PlyCount "67"]
[EventDate "2002.07.29"]
[EventType "swiss"]
[EventRounds "11"]
[EventCountry "GBR"]
[SourceTitle "BritBase"]
[Source "John Saunders"]
[SourceDate "2008.07.14"]
[SourceVersion "1"]
[SourceVersionDate "2008.07.14"]
[SourceQuality "2"]

1. Nf3 d5 2. d4 Nf6 3. c4 dxc4 4. e3 e6 5. Bxc4 c5 6. O-O a6 7. Bb3 cxd4 8.
exd4 Nc6 9. Nc3 Be7 10. a3 O-O 11. Re1 b5 12. d5 Nxd5 13. Nxd5 exd5 14. Bxd5
Bb7 15. Bf4 Rc8 16. Rc1 Bf6 17. b4 Ba8 18. h3 Nd4 19. Bxa8 Rxa8 20. Bc7 Nxf3+
21. Qxf3 Qd4 22. Red1 Qb2 23. Qd3 Qa2 24. Rd2 Qe6 25. Re2 Qc8 26. Rec2 Re8 27.
Bf4 Qb7 28. Rc6 Re1+ 29. Kh2 Rxc1 30. Rxc1 Rc8 31. Qf3 Qd7 32. Rd1 Qc6 33. Rc1
Qd7 34. Rd1 1/2-1/2

[Event "GBR-ch89"]
[Site "Torquay"]
[Date "2002.08.09"]
[Round "11"]
[White "Haslinger, Stewart"]
[Black "Gallagher, Joseph G"]
[Result "0-1"]
[WhiteElo "2310"]
[BlackElo "2517"]
[PlyCount "110"]
[EventDate "2002.07.29"]
[EventType "swiss"]
[EventRounds "11"]
[EventCountry "GBR"]
[SourceTitle "BritBase"]
[Source "John Saunders"]
[SourceDate "2008.07.14"]
[SourceVersion "1"]
[SourceVersionDate "2008.07.14"]
[SourceQuality "2"]

1. e4 d6 2. d4 g6 3. Nc3 Bg7 4. Bg5 Nd7 5. Nf3 h6 6. Be3 a6 7. a4 b6 8. Bd3 e6
9. Qd2 Ne7 10. O-O Bb7 11. Rfe1 g5 12. h3 Ng6 13. Ne2 Nf6 14. Ng3 g4 15. hxg4
Nxg4 16. Nh5 Bf8 17. Bf4 Nf6 18. Nxf6+ Qxf6 19. Bg3 Qg7 20. Qc3 Rc8 21. Qb3 h5
22. Nh4 Nxh4 23. Bxh4 Rg8 24. g3 Be7 25. Bxe7 Kxe7 26. d5 h4 27. Re3 hxg3 28.
Rxg3 Qd4 29. Bf1 Qxe4 30. Bg2 Qe5 31. dxe6 Bxg2 32. Kxg2 fxe6 33. Qd3 Rxg3+ 34.
fxg3 Rf8 35. Qc4 d5 36. Qd3 Qxb2 37. Re1 Qf6 38. Qa3+ Kd7 39. Qe3 Qf5 40. Qe2
Rf6 41. Rh1 Kc6 42. Rh5 Qg6 43. Re5 Kd6 44. Re3 Rf4 45. Qxa6 Qxc2+ 46. Re2 Rxa4
47. Qxb6+ cxb6 48. Rxc2 Rc4 49. Rb2 Kc5 50. Re2 b5 51. Kf3 b4 52. g4 b3 53. g5
Rb4 54. g6 b2 55. Rc2+ Kd6 0-1

[Event "GBR-ch89"]
[Site "Torquay"]
[Date "2002.08.09"]
[Round "11"]
[White "Knott, Simon JB"]
[Black "Summerscale, Aaron"]
[Result "1/2-1/2"]
[WhiteElo "2367"]
[BlackElo "2509"]
[PlyCount "22"]
[EventDate "2002.07.29"]
[EventType "swiss"]
[EventRounds "11"]
[EventCountry "GBR"]
[SourceTitle "BritBase"]
[Source "John Saunders"]
[SourceDate "2008.07.14"]
[SourceVersion "1"]
[SourceVersionDate "2008.07.14"]
[SourceQuality "2"]

1. Nf3 Nf6 2. c4 g6 3. Nc3 Bg7 4. e4 d6 5. d4 O-O 6. Be2 e5 7. O-O Na6 8. Qc2
Nb4 9. Qd1 Na6 10. Qc2 Nb4 11. Qd1 Na6 1/2-1/2

[Event "GBR-ch89"]
[Site "Torquay"]
[Date "2002.08.09"]
[Round "11"]
[White "Lee, Graham D"]
[Black "Collins, Sam IRL"]
[Result "1/2-1/2"]
[WhiteElo "2361"]
[BlackElo "2313"]
[PlyCount "91"]
[EventDate "2002.07.29"]
[EventType "swiss"]
[EventRounds "11"]
[EventCountry "GBR"]
[SourceTitle "BritBase"]
[Source "John Saunders"]
[SourceDate "2008.07.14"]
[SourceVersion "1"]
[SourceVersionDate "2008.07.14"]
[SourceQuality "2"]

1. e4 c5 2. c3 Nf6 3. e5 Nd5 4. d4 cxd4 5. Nf3 Nc6 6. Bc4 Nb6 7. Bb3 d5 8. exd6
Qxd6 9. O-O Be6 10. Bxe6 Qxe6 11. Nxd4 Nxd4 12. Qxd4 Rd8 13. Qf4 g6 14. Qc7 Qd7
15. Qxd7+ Rxd7 16. Be3 Bg7 17. Bxb6 axb6 18. Na3 O-O 19. Rfd1 Rfd8 20. Rxd7
Rxd7 21. Kf1 Rd5 22. Ke2 Rg5 23. h4 Rxg2 24. Kf3 Rh2 25. Kg3 Be5+ 26. f4 Bxf4+
27. Kxf4 Rxh4+ 28. Kg3 g5 29. Rd1 f5 30. Rd7 Rg4+ 31. Kf3 Rf4+ 32. Kg2 Re4 33.
Rxb7 Re2+ 34. Kf1 Rxb2 35. Rxe7 Rxa2 36. Nc4 Ra1+ 37. Ke2 f4 38. Nxb6 g4 39.
Nd5 f3+ 40. Ke3 h5 41. Nf6+ Kf8 42. Rd7 Re1+ 43. Kf2 Re2+ 44. Kg3 Rg2+ 45. Kf4
f2 46. Nh7+ 1/2-1/2

[Event "GBR-ch89"]
[Site "Torquay"]
[Date "2002.08.09"]
[Round "11"]
[White "Lyell, Mark"]
[Black "Shaw, David A"]
[Result "1/2-1/2"]
[WhiteElo "2265"]
[BlackElo "2190"]
[PlyCount "59"]
[EventDate "2002.07.29"]
[EventType "swiss"]
[EventRounds "11"]
[EventCountry "GBR"]
[SourceTitle "BritBase"]
[Source "John Saunders"]
[SourceDate "2008.07.14"]
[SourceVersion "1"]
[SourceVersionDate "2008.07.14"]
[SourceQuality "2"]

1. e4 e6 2. d4 d5 3. e5 c5 4. c3 Qb6 5. Nf3 Nc6 6. a3 Nge7 7. Bd3 Bd7 8. Bc2
cxd4 9. cxd4 Nf5 10. Bxf5 exf5 11. Nc3 Be6 12. O-O h6 13. b4 g5 14. Na4 Qd8 15.
Nc5 Bxc5 16. dxc5 a6 17. Nd4 Qd7 18. f4 g4 19. Be3 h5 20. Qd2 h4 21. h3 Nxd4
22. Bxd4 Ke7 23. hxg4 h3 24. g5 hxg2 25. Kxg2 Rh4 26. Rh1 Rah8 27. Rxh4 Rxh4
28. c6 Qxc6 29. Rc1 Qa4 30. Qc3 {'and the game was drawn in 35 moves' 
(bulletin)} 1/2-1/2

[Event "GBR-ch89"]
[Site "Torquay"]
[Date "2002.08.09"]
[Round "11"]
[White "Muir, Andrew J"]
[Black "Lane, Gary W"]
[Result "1/2-1/2"]
[WhiteElo "2294"]
[BlackElo "2446"]
[PlyCount "90"]
[EventDate "2002.07.29"]
[EventType "swiss"]
[EventRounds "11"]
[EventCountry "GBR"]
[SourceTitle "BritBase"]
[Source "John Saunders"]
[SourceDate "2008.07.14"]
[SourceVersion "1"]
[SourceVersionDate "2008.07.14"]
[SourceQuality "2"]

1. d4 Nf6 2. c4 g6 3. Nc3 Bg7 4. e4 d6 5. f3 O-O 6. Be3 Nc6 7. Qd2 a6 8. Nge2
Rb8 9. Nc1 e5 10. d5 Nd4 11. Nb3 Nxb3 12. axb3 Nh5 13. c5 Bd7 14. Bc4 Kh8 15.
O-O f5 16. c6 bxc6 17. dxc6 Bxc6 18. Rxa6 Bb7 19. Raa1 Qd7 20. Bb5 Qc8 21. Nd5
fxe4 22. fxe4 Qg4 23. Rxf8+ Rxf8 24. Nxc7 Qxe4 25. Ne6 Rf6 26. Ng5 Qg4 27. Ra7
Nf4 28. Rxb7 Qxg5 29. Bxf4 exf4 30. Rb8+ Bf8 31. Bc4 Qc5+ 32. Qf2 Qe5 33. Qe2
Qe3+ 34. Kf1 Qc1+ 35. Kf2 f3 36. gxf3 Qf4 37. Kg2 d5 38. Bd3 Kg7 39. Rb7+ Kh6
40. Ra7 d4 41. Be4 Bd6 42. Kh1 Qc1+ 43. Kg2 Qf4 44. Kh1 Qc1+ 45. Kg2 Qf4
1/2-1/2

[Event "GBR-ch89"]
[Site "Torquay"]
[Date "2002.08.09"]
[Round "11"]
[White "Richards, Heather"]
[Black "Howell, David W"]
[Result "0-1"]
[WhiteElo "2275"]
[BlackElo "2211"]
[PlyCount "79"]
[EventDate "2002.07.29"]
[EventType "swiss"]
[EventRounds "11"]
[EventCountry "GBR"]
[SourceTitle "BritBase"]
[Source "John Saunders"]
[SourceDate "2008.07.14"]
[SourceVersion "1"]
[SourceVersionDate "2008.07.14"]
[SourceQuality "2"]

1. e4 e5 2. Nc3 Nf6 3. g3 d5 4. exd5 Nxd5 5. Bg2 Nxc3 6. bxc3 Bd6 7. Nf3 O-O 8.
O-O Nc6 9. Rb1 Rb8 10. d4 h6 11. Nd2 Na5 12. dxe5 Bxe5 13. Qh5 Re8 14. Re1 Bxc3
15. Rxe8+ Qxe8 16. Ne4 Be5 17. Bxh6 gxh6 18. Re1 Qe7 19. Nf6+ Qxf6 20. Rxe5 Nc6
21. Re8+ Kg7 22. Rxc8 Rxc8 23. Qg4+ Qg5 24. Qxc8 Qc1+ 25. Bf1 b6 26. Qg4+ Kf8
27. Qc8+ Kg7 28. Qxc7 Qxc2 29. h4 Qe4 30. Qb7 Qe6 31. Bg2 Qe1+ 32. Kh2 Nd4 33.
f4 Qf2 34. Qd5 Ne2 35. Qf3 Qxf3 36. Bxf3 Nc3 37. a3 Nb1 38. a4 Nc3 39. Bc6 a6
40. Bb7 0-1

[Event "GBR-ch89"]
[Site "Torquay"]
[Date "2002.08.09"]
[Round "11"]
[White "Rudd, Jack"]
[Black "Dorrington, Christopher"]
[Result "1-0"]
[WhiteElo "2139"]
[BlackElo "2218"]
[PlyCount "73"]
[EventDate "2002.07.29"]
[EventType "swiss"]
[EventRounds "11"]
[EventCountry "GBR"]
[SourceTitle "BritBase"]
[Source "John Saunders"]
[SourceDate "2008.07.14"]
[SourceVersion "1"]
[SourceVersionDate "2008.07.14"]
[SourceQuality "2"]

1. e4 c5 2. Nf3 d6 3. Nc3 Nf6 4. e5 dxe5 5. Nxe5 Nbd7 6. Nxd7 Bxd7 7. d4 e6 8.
Be3 cxd4 9. Qxd4 Be7 10. O-O-O Bc6 11. Qe5 Qc8 12. Nb5 Bxb5 13. Bxb5+ Kf8 14.
Bd4 a6 15. Be2 Ne8 16. Bf3 f6 17. Qe3 Kf7 18. Rhe1 g6 19. Qb3 Ng7 20. Bxb7 Qc7
21. Bxa8 Rxa8 22. g3 Rb8 23. Qc3 Qb7 24. Re3 Nf5 25. Red3 Bb4 26. Qb3 Qc6 27.
Bc3 Bd6 28. Rxd6 Qxd6 29. Rxd6 Rxb3 30. Rd7+ Ke8 31. Rxh7 Rb6 32. Bxf6 Kf8 33.
Rc7 Kg8 34. h4 Nd6 35. Bd4 Rb5 36. Rg7+ Kf8 37. Rxg6 1-0

[Event "GBR-ch89"]
[Site "Torquay"]
[Date "2002.08.09"]
[Round "11"]
[White "Sandipan, Chanda"]
[Black "Pert, Nicholas"]
[Result "1-0"]
[WhiteElo "2507"]
[BlackElo "2460"]
[PlyCount "107"]
[EventDate "2002.07.29"]
[EventType "swiss"]
[EventRounds "11"]
[EventCountry "GBR"]
[SourceTitle "BritBase"]
[Source "John Saunders"]
[SourceDate "2008.07.14"]
[SourceVersion "1"]
[SourceVersionDate "2008.07.14"]
[SourceQuality "2"]

1. Nf3 f5 2. g3 Nf6 3. Bg2 d6 4. O-O e5 5. c4 Be7 6. d4 e4 7. Ng5 c6 8. d5 Nxd5
9. cxd5 Bxg5 10. Bxg5 Qxg5 11. dxc6 Nxc6 12. Nc3 Qg6 13. Nb5 O-O 14. Qxd6 Qxd6
15. Nxd6 Rb8 16. f3 Rd8 17. Rad1 exf3 18. Bxf3 Ne7 19. Nxc8 Rbxc8 20. Bxb7 Rxd1
21. Rxd1 Rc2 22. Ba6 Kf7 23. Rd7 Rxb2 24. Bc4+ Kf6 25. Rxa7 g5 26. a4 Rc2 27.
Bd3 Rc1+ 28. Kf2 h5 29. Ra6+ Ke5 30. Rh6 Ra1 31. Rxh5 Rxa4 32. Rxg5 Kf6 33. Rh5
Kg6 34. Rh8 Kf6 35. h4 Rb4 36. h5 Kg7 37. Rd8 Rb6 38. Kf3 Kh6 39. Re8 Rb7 40.
Kf4 Kxh5 41. g4+ Kg6 42. gxf5+ Kf7 43. Rd8 Rc7 44. e4 Rc5 45. Be2 Kg7 46. Rd7
Kf8 47. e5 Nd5+ 48. Ke4 Nb6 49. Rb7 Nc8 50. f6 Rc6 51. Rb8 Rc1 52. Bg4 Kf7 53.
Rxc8 Re1+ 54. Kd5 1-0

[Event "GBR-ch89"]
[Site "Torquay"]
[Date "2002.08.09"]
[Round "11"]
[White "Sherwin, James"]
[Black "McDonald, Neil R"]
[Result "1/2-1/2"]
[WhiteElo "2344"]
[BlackElo "2396"]
[PlyCount "48"]
[EventDate "2002.07.29"]
[EventType "swiss"]
[EventRounds "11"]
[EventCountry "GBR"]
[SourceTitle "BritBase"]
[Source "John Saunders"]
[SourceDate "2008.07.14"]
[SourceVersion "1"]
[SourceVersionDate "2008.07.14"]
[SourceQuality "2"]

1. d4 d5 2. Nf3 Nf6 3. c4 e6 4. Nc3 Be7 5. cxd5 exd5 6. Bf4 O-O 7. h3 Bf5 8. e3
Nbd7 9. Be2 c6 10. O-O Re8 11. Nh4 Be6 12. Nf3 Ne4 13. Nxe4 dxe4 14. Nd2 Bd5
15. Qc2 Bg5 16. Bh2 Nf8 17. Nc4 g6 18. b4 Ne6 19. Qd2 f5 20. Be5 Rf8 21. g3 h5
22. h4 Bxh4 23. gxh4 Qxh4 24. f4 Qg3+ 1/2-1/2

[Event "GBR-ch89"]
[Site "Torquay"]
[Date "2002.08.09"]
[Round "11"]
[White "Sowray, Peter J"]
[Black "Mason, Don"]
[Result "1-0"]
[WhiteElo "2330"]
[BlackElo "2266"]
[PlyCount "77"]
[EventDate "2002.07.29"]
[EventType "swiss"]
[EventRounds "11"]
[EventCountry "GBR"]
[SourceTitle "BritBase"]
[Source "John Saunders"]
[SourceDate "2008.07.14"]
[SourceVersion "1"]
[SourceVersionDate "2008.07.14"]
[SourceQuality "2"]

1. e4 e6 2. d4 d5 3. Nc3 Bb4 4. e5 c5 5. a3 Bxc3+ 6. bxc3 Ne7 7. Qg4 O-O 8. Bd3
Qa5 9. Bd2 Nbc6 10. Nf3 f5 11. exf6 Rxf6 12. Qh5 Nf5 13. c4 Qa4 14. cxd5 Ncxd4
15. Ng5 h6 16. Ne4 Rf8 17. O-O exd5 18. Nxc5 Qc6 19. Nb3 Qf6 20. Nxd4 Qxd4 21.
Bb4 Rf7 22. Rae1 Bd7 23. Rd1 Qf6 24. c4 a5 25. Bd2 Bc6 26. cxd5 Bxd5 27. Qg4
Nh4 28. f3 h5 29. Qg5 Qxg5 30. Bxg5 Nf5 31. Bc2 Bc4 32. Rfe1 b5 33. Rd8+ Rxd8
34. Bxd8 g6 35. Bxa5 Nd4 36. Bxg6 Rd7 37. Kf2 h4 38. Bc3 Kg7 39. Be4 1-0

[Event "GBR-ch89"]
[Site "Torquay"]
[Date "2002.08.09"]
[Round "11"]
[White "Swathi, Ghate"]
[Black "Nixon, Thomas"]
[Result "0-1"]
[WhiteElo "2234"]
[BlackElo "2187"]
[PlyCount "120"]
[EventDate "2002.07.29"]
[EventType "swiss"]
[EventRounds "11"]
[EventCountry "GBR"]
[SourceTitle "BritBase"]
[Source "John Saunders"]
[SourceDate "2008.07.14"]
[SourceVersion "1"]
[SourceVersionDate "2008.07.14"]
[SourceQuality "2"]

1. e4 e5 2. Nf3 Nc6 3. d4 exd4 4. Nxd4 Nf6 5. Nxc6 bxc6 6. e5 Qe7 7. Qe2 Nd5 8.
c4 Ba6 9. b3 g6 10. f4 Bg7 11. Qf2 Nb6 12. Ba3 d6 13. Nd2 c5 14. Be2 O-O 15.
O-O Nd7 16. Bf3 Rae8 17. Bc6 dxe5 18. Bxd7 Qxd7 19. Bxc5 e4 20. Rae1 f5 21. Kh1
Rf7 22. Bxa7 Rd8 23. Be3 Bc3 24. Re2 Qc6 25. Nb1 Bg7 26. Rd2 Rfd7 27. Rfd1 Rd3
28. h3 Bb7 29. Rxd3 exd3 30. Nd2 Qa6 31. Nf1 Be4 32. Kh2 Ra8 33. Rd2 Bc3 34.
Bd4 Bxd2 35. Nxd2 Re8 36. Be5 Qc6 37. a4 h6 38. a5 g5 39. b4 Qa4 40. Qc5 Qc6
41. Qxc6 Bxc6 42. g3 Kf7 43. Kg1 gxf4 44. gxf4 Rg8+ 45. Kf2 Rg2+ 46. Ke3 Be4
47. Bc3 c5 48. bxc5 Ke6 49. Kd4 Bc6 50. Kxd3 Rg3+ 51. Kc2 Rxh3 52. Nb3 Ba4 53.
Kb2 Bxb3 54. Kxb3 Kd7 55. Kb4 Kc6 56. a6 Rh2 57. Kb3 Rg2 58. Be5 Rg8 59. a7 Kb7
60. Bb8 h5 0-1

[Event "GBR-ch89"]
[Site "Torquay"]
[Date "2002.08.09"]
[Round "11"]
[White "Tan, Desmond"]
[Black "Addison, Bret C"]
[Result "1/2-1/2"]
[WhiteElo "2292"]
[BlackElo "2219"]
[PlyCount "32"]
[EventDate "2002.07.29"]
[EventType "swiss"]
[EventRounds "11"]
[EventCountry "GBR"]
[SourceTitle "BritBase"]
[Source "John Saunders"]
[SourceDate "2008.07.14"]
[SourceVersion "1"]
[SourceVersionDate "2008.07.14"]
[SourceQuality "2"]

1. e4 e6 2. d4 d5 3. Nc3 Nf6 4. Bg5 dxe4 5. Nxe4 Be7 6. Nxf6+ Bxf6 7. Bxf6 Qxf6
8. Nf3 O-O 9. Bd3 c5 10. c3 cxd4 11. Nxd4 e5 12. Ne2 Nd7 13. Qc2 h6 14. Ng3 Nc5
15. Be2 Qe7 16. O-O Bd7 1/2-1/2

[Event "GBR-ch89"]
[Site "Torquay"]
[Date "2002.08.09"]
[Round "11"]
[White "Thipsay, Bagyashree"]
[Black "Woodward, Timothy"]
[Result "1-0"]
[WhiteElo "2264"]
[BlackElo "2211"]
[PlyCount "63"]
[EventDate "2002.07.29"]
[EventType "swiss"]
[EventRounds "11"]
[EventCountry "GBR"]
[SourceTitle "BritBase"]
[Source "John Saunders"]
[SourceDate "2008.07.14"]
[SourceVersion "1"]
[SourceVersionDate "2008.07.14"]
[SourceQuality "2"]

1. e4 c5 2. Nf3 d6 3. d4 cxd4 4. Nxd4 Nf6 5. Nc3 g6 6. Be2 Bg7 7. O-O Nc6 8.
Nb3 O-O 9. f4 Be6 10. f5 Bxb3 11. axb3 Qb6+ 12. Kh1 Qd4 13. Bd3 Ne5 14. Ra4 Qc5
15. Be2 a6 16. Rd4 Nfg4 17. Nd5 Nc6 18. c3 Nf6 19. Rc4 Qa5 20. Be3 Nxd5 21.
exd5 Ne5 22. Rh4 Bf6 23. Rh3 Rac8 24. Qd2 Qd8 25. Bg5 Bh8 26. Bh6 Re8 27. Qf4
e6 28. f6 exd5 29. Qh4 Bxf6 30. Rxf6 Ng4 31. Bg5 h5 32. Bxg4 1-0

[Event "GBR-ch89"]
[Site "Torquay"]
[Date "2002.08.09"]
[Round "11"]
[White "Thomas, Nicholas"]
[Black "Cox, John J"]
[Result "1/2-1/2"]
[WhiteElo "2248"]
[BlackElo "2311"]
[PlyCount "55"]
[EventDate "2002.07.29"]
[EventType "swiss"]
[EventRounds "11"]
[EventCountry "GBR"]
[SourceTitle "BritBase"]
[Source "John Saunders"]
[SourceDate "2008.07.14"]
[SourceVersion "1"]
[SourceVersionDate "2008.07.14"]
[SourceQuality "2"]

1. e4 e6 2. d4 d5 3. Nc3 Nf6 4. e5 Nfd7 5. Nf3 c5 6. dxc5 Nc6 7. Bf4 Bxc5 8.
Bd3 f6 9. exf6 Nxf6 10. O-O O-O 11. Ne5 Bd7 12. Qd2 Qe7 13. Rae1 Rae8 14. Nxc6
Bxc6 15. Re2 Nd7 16. Rfe1 Qf6 17. Bg5 Qf7 18. Nb5 Bxb5 19. Bxb5 a6 20. Bxd7
Qxd7 21. Bh4 Qa4 22. Bg3 Qc6 23. Qd3 b5 24. c3 Rf6 25. Be5 Rff8 26. Bd4 Bxd4
27. Qxd4 Rf6 28. Re5 1/2-1/2

[Event "GBR-ch89"]
[Site "Torquay"]
[Date "2002.08.09"]
[Round "11"]
[White "Turner, Matthew J"]
[Black "Littlewood, Paul"]
[Result "1-0"]
[WhiteElo "2519"]
[BlackElo "2401"]
[PlyCount "163"]
[EventDate "2002.07.29"]
[EventType "swiss"]
[EventRounds "11"]
[EventCountry "GBR"]
[SourceTitle "BritBase"]
[Source "John Saunders"]
[SourceDate "2008.07.14"]
[SourceVersion "1"]
[SourceVersionDate "2008.07.14"]
[SourceQuality "2"]

1. d4 Nf6 2. Nf3 g6 3. g3 Bg7 4. Bg2 O-O 5. O-O d6 6. c4 c6 7. Nc3 Nbd7 8. d5
c5 9. h3 a6 10. a4 Rb8 11. Qd3 Ne8 12. Bg5 Nc7 13. a5 b5 14. axb6 Rxb6 15. Rab1
Ne8 16. Rfe1 Rb4 17. b3 h6 18. Bd2 Rb8 19. e4 Kh7 20. Na4 Qc7 21. Bc3 Bxc3 22.
Qxc3 Nb6 23. Nb2 e5 24. dxe6 fxe6 25. e5 d5 26. Nd3 d4 27. Qa5 Nd7 28. Qxc7
Nxc7 29. Nd2 Bb7 30. Bxb7 Rxb7 31. Ne4 Rb6 32. Nexc5 Nxc5 33. Nxc5 Rd8 34. Rbd1
a5 35. Re4 Rc6 36. Na4 d3 37. Re3 d2 38. Kf1 g5 39. Ke2 Kg6 40. Rxd2 Rxd2+ 41.
Kxd2 h5 42. g4 hxg4 43. hxg4 Na6 44. Rf3 Kg7 45. Rf6 Nb8 46. Rf3 Nd7 47. Re3
Rc8 48. Kc3 Kf7 49. Nb2 Ke7 50. Re1 Nc5 51. Nd3 Nxd3 52. Kxd3 Rf8 53. Ke3 Rb8
54. Rb1 Kd7 55. Kd4 Kc6 56. Ra1 Kb6 57. f3 Rf8 58. Ke4 Rf4+ 59. Ke3 Rf8 60. Ra4
Rf7 61. b4 axb4 62. Rxb4+ Kc5 63. Ra4 Rf8 64. Ra6 Re8 65. Kd3 Rd8+ 66. Ke4 Re8
67. Ra7 Rg8 68. Rc7+ Kb6 69. Re7 Rg6 70. Kd4 Kc6 71. Ra7 Rg8 72. Ra6+ Kd7 73.
Kc5 Rc8+ 74. Kb5 Rc7 75. c5 Rb7+ 76. Rb6 Ra7 77. Rd6+ Ke7 78. c6 Ra1 79. c7
Rb1+ 80. Kc6 Rc1+ 81. Kb7 Rb1+ 82. Rb6 1-0

[Event "GBR-ch89"]
[Site "Torquay"]
[Date "2002.08.09"]
[Round "11"]
[White "Ward, Christopher G"]
[Black "Pert, Richard"]
[Result "1/2-1/2"]
[WhiteElo "2498"]
[BlackElo "2357"]
[PlyCount "106"]
[EventDate "2002.07.29"]
[EventType "swiss"]
[EventRounds "11"]
[EventCountry "GBR"]
[SourceTitle "BritBase"]
[Source "John Saunders"]
[SourceDate "2008.07.14"]
[SourceVersion "1"]
[SourceVersionDate "2008.07.14"]
[SourceQuality "2"]

1. d4 Nf6 2. c4 e5 3. dxe5 Ng4 4. Nf3 Bc5 5. e3 Nc6 6. Be2 O-O 7. Nc3 Re8 8.
O-O Ngxe5 9. Nxe5 Nxe5 10. f4 Ng6 11. Bd3 c6 12. Ne4 Bf8 13. Ng5 Be7 14. h4
Bxg5 15. hxg5 d5 16. cxd5 Qxd5 17. Bxg6 hxg6 18. Qxd5 cxd5 19. Bd2 Bd7 20. Kf2
f6 21. gxf6 gxf6 22. Rh1 Kg7 23. Bc3 Rh8 24. Rad1 Be6 25. Bd4 a6 26. Rc1 Rxh1
27. Rxh1 Rc8 28. Rh4 Rc2+ 29. Kf3 Bf5 30. g4 Be4+ 31. Kg3 Rg2+ 32. Kh3 Rg1 33.
g5 Rh1+ 34. Kg3 Rxh4 35. Kxh4 Kf7 36. gxf6 Bb1 37. a3 a5 38. a4 Bc2 39. Kg5
Bxa4 40. Bb6 Bc2 41. Bxa5 b5 42. Bc3 Bd3 43. Kg4 b4 44. Bd4 b3 45. Kf3 Be4+ 46.
Ke2 Bc2 47. Kd2 Be4 48. Kc3 Bc2 49. Kb4 Bd1 50. Kc3 Bc2 51. Kb4 Bd1 52. Kc5 Bf3
53. Be5 Be4 1/2-1/2